000 00260nam a2200097Ia 4500
001 851359
005 20250826174454.0
008 250824s9999 xx 000 0 und d
245 0 _aHASAN SABBAH VE ALAMUT TERÖRÜ
_cYAŞAR ŞAHİN ANIL
260 _bPANAMA YAYINLARI
999 _c851359
_d851359